000 00269nam a22001097a 4500
008 170120b xxu||||| |||| 00| 0 eng d
020 _a9781933107905
041 _aeng
080 _a618.2
245 _aREADY-SET-RN PREPARING FOR THE NCLEX-RN
_cKNIPPA. A
942 _2udc
_cBK
999 _c3316
_d3316